000 01013nam a2200253Ia 4500
999 _c56099
_d56099
001 23200
003 GE_BSU
005 20210224125059.0
008 181216s2000||||ge |||||||||||||| ||geo||
020 _a9992881615
040 _cGE_BSU
041 _ageo
080 _a821.353.1 ხ-56
100 _aხინთიბიძე, ელგუჯა
_95947
245 _aრუსთველოლოგია :
_bსალექციო კურსის თეზისები და ლიტერატურა /
_cელგუჯა ხინთიბიძე.
264 _aთბილისი,
_c2000.
300 _a48 გვ. ;
_b20 სმ.
504 _aბიბლიოგრ. თავებს ბოლოს.
541 _h3ლ.
653 _aრუსთველოლოგია
653 _aრუსთაველი შოთა და მისი "ვეფხისტყაოსანი"
653 _aრუსთველოლოგები
942 _cBK
_2udc